Le Rabais dv pain : en vers bvrlesqves.

Saved in:
Bibliographic Details
Format: Book
Language:French
Published: A Paris : Chez Clavde Hvot ..., 1649.
Subjects:
Tags: Add Tag
No Tags, Be the first to tag this record!
LEADER 00969cam a2200313Ia 4500
001 006596830-1
005 20020606163548.3
008 850723s1649 fr 000 0 fre d
035 0 |a ocm12295042 
040 |a MBB  |c MBB  |d NOC  |d HHG 
090 |a DC130.M43  |b R32 
245 0 3 |a Le Rabais dv pain :  |b en vers bvrlesqves. 
246 3 |a Rabais du pain. En vers burlesques. 
260 |a A Paris :  |b Chez Clavde Hvot ...,  |c 1649. 
300 |a 7, [1] p. (the last page blank) ;  |c 22 cm. (4to) 
500 |a Title page vignette. 
500 |a Signatures: A-B². 
500 |a In verse. 
500 |a Satire on the times. 
500 |a Published between March 4 and 11, 1649. Cf. Moreau III, 310. 
510 4 |a Moreau 2957. 
510 4 |a Moreau  |c 2957. 
650 0 |a Fronde  |v Poetry. 
650 0 |a Political satire, French. 
651 0 |a France  |x History  |y Louis XIV, 1643-1715. 
655 7 |a Mazarinades.  |2 rbgenr 
752 |a France  |d Paris. 
988 |a 20020608 
906 |0 OCLC